Louis Tomlinson - On Fire - All lyrics - Statistics

General Stats
  • This quiz has been taken 22 times
  • The average score is 184 of 213
Answer Stats
Answer % Correct
a
100%
fire
100%
fire,
100%
fire)
100%
I
100%
me
100%
me,
100%
on
100%
You
100%
set
92%
(Set
92%
and
85%
do?
85%
in
85%
it
85%
No
85%
Now
85%
the
85%
The
85%
can
77%
I’m
77%
knew
77%
my
77%
never
77%
that
77%
was
77%
What
77%
came
69%
feel
69%
feels
69%
like
69%
real
69%
When
69%
world
69%
Back
62%
eyes
62%
gets
62%
if
62%
is
62%
more
62%
smoke
62%
wasteland
62%
compromises
54%
erased
54%
everything
54%
nice
54%
only
54%
really
54%
thing
54%
today
54%
but
46%
Comfortably
46%
complacent
46%
jaded
46%
life
46%
matters
46%
Sometimes
46%
surprises
46%
wanted
46%
along
31%
stroll
31%
treadmill
31%
worse
31%
Had
15%
No matching quizzes found
Score Distribution
Percent of People with Each Score
Percentile by Number Answered
Your Score History
You have not taken this quiz